000 00638nam a2200217Ia 4500
005 20241129110006.0
008 241129s9999||||xx |||||||||||||| ||und||
020 _a978-1-350-24326-2
037 _aTB
040 _aARTS
_beng
_cARTS
041 _aeng
_2eng
084 _aO111:g(S:55) R0
_qARTS
100 _aRigby Kate Au.
_9726772
245 0 _aReclaiming romanticism: towards an ecopoetics of decolonization
_cRigby Kate Au.
260 _aUK
_bBloomsbury Academic
_c2022
300 _axiv,239p.
365 _aUKP
_b28.99
650 _aEnglish Literature
942 _cTB
_hO111:g(S:55) R0
999 _c1226901
_d1226901